000 00240nam a2200097Ia 4500
008 240331s9999 xx 000 0 und d
082 _bDOI
100 _aGay,P.D
245 0 _aDoing cultural studies :
_bthe story of the sony walkman
942 _cL
999 _c2085
_d2085